| 000 | 00996nam a2200217 a 4500 | ||
|---|---|---|---|
| 001 | 24325 | ||
| 003 | CO-ViMGA | ||
| 008 | 141112s2004 ck r 000 u spa d | ||
| 020 | _a9789587196122 | ||
| 040 |
_aCO-ViMGA _bspa _cCO-ViMGA |
||
| 082 | 0 | 4 | _a305.8 M687d |
| 100 | 1 |
_aMosquera Rosero - Labbé, Claudia _935566 |
|
| 245 | 1 | 0 |
_aDebates sobre ciudadanía y políticas raciales en las Américas Negras / _cClaudia Mosquera Rosero - Labbe; Agustín Laó - Montes; César Rodríguez Garavito |
| 260 |
_aColombia : _bPrograma Editorial Universidad del Valle; Universidad Nacional de Colombia, _cFacultad de Ciencias Humanas, _cCentro de Estudios Sociales - CES |
||
| 300 | _a992 p. | ||
| 490 | _aLecturas CES. Serie Idcarán | ||
| 500 | _aIncluye referencias bibliográficas | ||
| 650 | 1 | 4 |
_aProblemas raciales; Racismo; Razas humanas; Discriminacion racial _935567 |
| 700 | 1 |
_aMosquera Rosero - Labbe, Claudia ; Laó - Montes, Agustín ; Rodríguez Garavito, César _935568 |
|
| 942 |
_2ddc _cBK |
||
| 999 |
_c32313 _d32313 |
||